<?xml version="1.0" encoding="UTF-8"?>
<record
    xmlns:xsi="http://www.w3.org/2001/XMLSchema-instance"
    xsi:schemaLocation="http://www.loc.gov/MARC21/slim http://www.loc.gov/standards/marcxml/schema/MARC21slim.xsd"
    xmlns="http://www.loc.gov/MARC21/slim">

  <leader>00649nam a2200193   4500</leader>
  <controlfield tag="001">6035</controlfield>
  <datafield tag="011" ind1=" " ind2=" ">
    <subfield code="a">0992-2954</subfield>
  </datafield>
  <datafield tag="090" ind1=" " ind2=" ">
    <subfield code="a">6035</subfield>
  </datafield>
  <datafield tag="100" ind1=" " ind2=" ">
    <subfield code="a">20190723b u||y0fre||u0ba y50</subfield>
  </datafield>
  <datafield tag="101" ind1=" " ind2=" ">
    <subfield code="a">fre</subfield>
  </datafield>
  <datafield tag="200" ind1=" " ind2=" ">
    <subfield code="a">Granit Information</subfield>
    <subfield code="b">P&#xE9;riodique</subfield>
    <subfield code="f">C. B&#xE9;elu </subfield>
  </datafield>
  <datafield tag="210" ind1=" " ind2=" ">
    <subfield code="a">Chatillon / Thouet </subfield>
    <subfield code="c">Groupement R&#xE9;gional Anti Nucl&#xE9;aire d'Information Totale (GRANIT)</subfield>
    <subfield code="g">Imprimerie Prouteau-Bressuire</subfield>
  </datafield>
  <datafield tag="215" ind1=" " ind2=" ">
    <subfield code="d">30 cm. </subfield>
  </datafield>
  <datafield tag="606" ind1=" " ind2=" ">
    <subfield code="9">648</subfield>
    <subfield code="a">Nucl&#xE9;aire (Energie)</subfield>
  </datafield>
  <datafield tag="607" ind1=" " ind2=" ">
    <subfield code="9">521</subfield>
    <subfield code="a">France</subfield>
  </datafield>
  <datafield tag="700" ind1=" " ind2=" ">
    <subfield code="9">6876</subfield>
    <subfield code="a">C. B&#xE9;elu</subfield>
  </datafield>
  <datafield tag="710" ind1=" " ind2=" ">
    <subfield code="9">6877</subfield>
    <subfield code="a">Groupement d'Information Anti Nucl&#xE9;aire d'Information Totale (GRANIT)</subfield>
  </datafield>
  <datafield tag="801" ind1=" " ind2=" ">
    <subfield code="a">CH</subfield>
    <subfield code="b">CH-002049-8</subfield>
  </datafield>
  <datafield tag="955" ind1=" " ind2=" ">
    <subfield code="r">1990: 1, 3. 1991: 6. 1992: 7, 8</subfield>
  </datafield>
  <datafield tag="995" ind1=" " ind2=" ">
    <subfield code="1">0</subfield>
    <subfield code="2">0</subfield>
    <subfield code="3">0</subfield>
    <subfield code="5">2026-05-28</subfield>
    <subfield code="9">7011</subfield>
    <subfield code="b">ARCHIC</subfield>
    <subfield code="c">ARCHIC</subfield>
    <subfield code="e">P&#xE9;riodiques</subfield>
    <subfield code="f">7857</subfield>
    <subfield code="h">Caroline Firmann Gaulis</subfield>
    <subfield code="k">P203</subfield>
    <subfield code="o">1</subfield>
  </datafield>
</record>
